Statistiken für Alle Länder Afrikas der Größe nach

Klicken Sie hier um das Quiz zu spielen!

Allgemein

  • Dieses Quiz wurde 99 mal gespielt
  • Das Durchschnittsergebnis liegt bei 25 aus 54

Antwortstatistiken

FlächeLand% Korrekt
2.381.741 km²Algerien
99%
2.345.410 km²Demokratische Republik Kongo
94%
1.889.068 km²Sudan
89%
1.769.540 km²Libyen
82%
1.267.000 km²Niger
75%
1.284.000 km²Tschad
72%
1.246.700 km²Angola
69%
1.240.000 km²Mali
68%
1.221.000 km²Südafrika
65%
1.001.450 km²Ägypten
61%
1.127.130 km²Äthiopien
59%
1.030.700 km²Mauretanien
56%
801.551 km²Mosambik
56%
923.768 km²Nigeria
56%
945.100 km²Tansania
56%
824.292 km²Namibia
52%
752.614 km²Sambia
49%
454 km²Seychellen
46%
637.657 km²Somalia
46%
587.041 km²Madagaskar
45%
1.001 km²São Tomé und Príncipe
45%
23.100 km²Dschibuti
44%
17.363 km²Eswatini
44%
2.170 km²Komoren
44%
30.355 km²Lesotho
44%
2.040 km²Mauritius
44%
630.000 km²Südsudan
44%
4.033 km²Kap Verde
42%
458.730 km²Marokko
41%
600.350 km²Botswana
39%
11.295 km²Gambia
39%
582.646 km²Kenia
39%
27.834 km²Burundi
38%
342.000 km²Republik Kongo
38%
26.338 km²Ruanda
38%
118.480 km²Malawi
37%
390.759 km²Simbabwe
37%
241.100 km²Uganda
37%
622.884 km²Zentralafrikanische Republik
37%
56.785 km²Togo
35%
163.610 km²Tunesien
35%
28.051 km²Äquatorialguinea
34%
112.622 km²Benin
34%
322.450 km²Elfenbeinküste
34%
238.533 km²Ghana
34%
196.722 km²Senegal
32%
274.200 km²Burkina Faso
31%
267.667 km²Gabun
31%
245.857 km²Guinea
31%
36.125 km²Guinea-Bissau
31%
475.442 km²Kamerun
31%
121.144 km²Eritrea
30%
71.750 km²Sierra Leone
30%
111.370 km²Liberia
28%

Verteilung der Resultate

Perzentil nach korrekt beantworteten Fragen

Anzahl Personen mit jedem Resultat

Ihre Resultats-Entwicklung

Sie haben dieses Quiz noch nicht gespielt